| 000 | 00880nam a22002535a 4500 | ||
|---|---|---|---|
| 003 | OSt | ||
| 005 | 20170418120015.0 | ||
| 008 | 170404s2016 ua frb 000 0 ara d | ||
| 015 | _a2015 / 27138 | ||
| 020 | _a9789770479902 | ||
| 040 |
_aEG-ScBUE _bara _cEG-ScBUE |
||
| 043 | _af-ua--- | ||
| 082 | 0 | 4 |
_a346.62070269 _bس م ي _222 |
| 100 | 1 | _aسمير، محمد. | |
| 245 | 1 | 2 |
_aالتحضير والصلح في المنازعات الاقتصادية / _cمحمد سمير. |
| 260 |
_aالقاهرة : _bدار النهضة العربية، _c2016. |
||
| 300 |
_a97 ص. ؛ _c24 سم. |
||
| 504 | _aيشتمل على إرجاعات ببليوجرافية. | ||
| 650 | 7 |
_aالاقتصاد _xقوانين وتشريعات _zمصر. _2BUEsh _941055 |
|
| 650 | 7 |
_aالمحاكم الاقتصادية _zمصر. |
|
| 651 | _2BUEsh | ||
| 653 |
_bLLAAWW _cApril2017 |
||
| 942 | _2ddc | ||
| 999 |
_c24625 _d24597 |
||